All-Star Roster NBA 2026 - Statistics

General Stats
  • This quiz has been taken 99 times
  • The average score is 19 of 26
Answer Stats
Answer % Correct
Stephen Curry
91%
Lebron James
90%
Giannis Antetokounmpo
89%
Luka Doncic
89%
Nikola Jokic
89%
Jaylen Brown
86%
Jalen Brunson
85%
Cade Cunningham
83%
Shai Gilgeous-Alexander
83%
Anthony Edwards
82%
Jalen Duren
80%
Tyrese Maxey
79%
Kevin Durant
76%
Karl-Anthony Towns
75%
Donovan Mitchell
71%
Devin Booker
67%
Chet Holmgren
62%
Jalen Johnson
61%
Mitch Johnson
61%
Pascal Siakam
60%
Jamal Murray
59%
Scottie Barnes
57%
Victor Wembanyama
56%
Deni Avdija
55%
Norman Powell
47%
J.B. Bickerstaff
21%
No matching quizzes found
Score Distribution
Percent of People with Each Score
Percentile by Number Answered
Your Score History
You have not taken this quiz